00819 2200265 4500001002100000005001700021008004100038035002400079082001200103090001900115100003000134245011900164260006400283300002000347500002700367500002700394650002100421700002500442700002400467700001300491850001500504980001300519985000600532999001500538YOGYA-0209000002476920090227023908.0 ind  0010-020900000024769 a959.812 a959.812bPel N aPELAWI, Kencana Sembiring aNonang Siriburoncpenulis, Kencana Sembiring Pelawi, Hilderia Sitanggang, Tatiek Kartikasari; penyunting, Hartanto aJakartabDepartemen Pendidikan dan Kebudayaan RIc1996/1997 a... Seric22 cm aYang diterima : seri 2 aBibliografi : hlm. 141 aKebudayaan Batak aSitanggang, Hilderia aKartikasari, Tatiek aHartatik aYOPDYOG(B) a08-03-07 a1 a06A0022401